00846nam a2200217 a 4500001001000000003000500010005001700015008004100032010001100073011001100084040000900095100003500104245013800139260004100277500006000318502008200378650003000460650003500490650003300525856007000558000115333CHAP20220329144530.0190509s2018 mx a |sm |||||||spa d a111794 a112766 cCHAP1 aCuenca Condoy, Mercedes Maria.10aVariabilidad interespecífica entre especies mexicanas de Phytophthora del clado 1ch[En línea]cpor Mercedes Maria Cuenca Condoy. aChapingo, Méx. :bEl autor,c2018. aPara ver el contenido del material haga clic en la liga aTesis (Ph.D. en Ciencias en Horticultura) -- UACH. Departamento de Fitotecnia14aFungicidasxAplicación.14aPapaxEnfermedades por hongos.14aTizón tardío de la papa. aFinding aiduhttp://10.13.5.2/tesis/sist115333.pdfzTeclea aquí